| 000 | 01119cam a22002771i 4500 | ||
|---|---|---|---|
| 003 | SA-RiAUC | ||
| 005 | 20250407065826.0 | ||
| 008 | 250406s1988____le g d 000 0 ara c | ||
| 040 |
_aSA-JeALM _bara _cSA-RiAUC _erda |
||
| 041 | 1 |
_aara _aeng |
|
| 082 | 0 | 4 | _a340.03 |
| 090 |
_a340.03 _b ف ا ر |
||
| 100 | 1 |
_aالفاروقي، حارث سليمان _eمؤلف. |
|
| 245 | 1 | 2 |
_aالمعجم القانوني : _bإنكليزي-عربي = Faruqi"s law dictionary : English-Arabic / _cحارث سليمان الفاروقي. |
| 246 | 3 |
_aالمعجم القانوني : _bإنجليزي-عربي = Faruqi"s law dictionary : English-Arabic |
|
| 246 | 3 | 1 |
_aFaruqi"s law dictionary : _bEnglish-Arabic |
| 250 | _aالطبعة الاولى. | ||
| 264 | 1 |
_a(بيروت) : _bدار النشر الليبية، _c1962 |
|
| 300 |
_aمجلد ؛ _c24 سم |
||
| 336 |
_aنص _btxt _2rdacontent _3كتاب |
||
| 337 |
_aبدون وسيط _bn _2rdamedia |
||
| 338 |
_aمجلد _bnc _2rdacarrier |
||
| 650 | 7 |
_aالقانون _vمعجم مصطلحات _2aucsh |
|
| 942 |
_2ddc _cBOOK _n0 |
||
| 949 |
_aSA-JeALM _d250406 _uosman123 _n1 |
||
| 999 |
_c6719 _d6719 |
||